书目信息 |
| 题名: |
加强党的执政能力建设
|
|
| 作者: | ;全国干部培训教材编审指导委员会 组织编写 | |
| 分册: | ||
| 出版信息: | 北京 党建读物出版社 2006 |
|
| 页数: | 379页 | |
| 开本: | 20cm | |
| 丛书名: | ||
| 单 册: | ||
| 中图分类: | D25 | |
| 科图分类: | ||
| 主题词: | 中国共产党 | |
| 电子资源: | ||
| ISBN: | 7-80098-851-1 | |
| 000 | 00724nam0 2200193 450 | |
| 001 | 0758706620 | |
| 005 | 20070726090416.17 | |
| 010 | @a7-80098-851-1@dCNY22.50 | |
| 100 | @a20070720d2006 km y0chiy0120 ea | |
| 101 | 0 | @achi |
| 102 | @aCN | |
| 200 | 1 | @a加强党的执政能力建设@Ajia qiang dang de zhi zheng neng li jian she@f全国干部培训教材编审指导委员会组织编写@Fquan guo gan bu pei xun jiao cai bian shen zhi dao wei yuan hui zu zhi bian xie |
| 210 | @a北京@c党建读物出版社@d2006 | |
| 215 | @a379页@d20cm | |
| 606 | 0 | @a中国共产党 |
| 690 | @aD25@v3 | |
| 711 | 02 | @a全国干部培训教材编审指导委员会@Aquan guo gan bu pei xun jiao cai bian shen zhi dao wei yuan hui@4组织编写 |
| 801 | 0 | @aCN@bPFT@c20070726 |
| 905 | @a10447@dD25@e181 | |
| 加强党的执政能力建设/全国干部培训教材编审指导委员会组织编写.-北京:党建读物出版社,2006 |
| 379页;20cm |
| ISBN 7-80098-851-1:CNY22.50 |
| ● |
| 相关链接 |
|
|
|
|
正题名:加强党的执政能力建设
索取号:D25/181
 
预约/预借
| 序号 | 登录号 | 条形码 | 馆藏地/架位号 | 状态 | 备注 |
| 1 | 0767782 | 207677824 | 第一样本阅览室/ [索取号:D25/181] | 在馆 |